| 000 | 00808nam a2200229 a 4500 | ||
|---|---|---|---|
| 001 | 000032871 | ||
| 003 | DO-SdBNP | ||
| 005 | 20220812142508.0 | ||
| 007 | ta | ||
| 008 | 110801d1942 dr 000 0 spa d | ||
| 040 |
_aDO-SdBNP _bspa _cBNPHU |
||
| 082 |
_axxx _bI24e |
||
| 100 |
_aIglesias B., Salvador _958649 |
||
| 245 | 1 | 3 |
_aLa experiencia en Suárez : _bdoctrina y uso de la experiencia en la filosofía de Suárez / _cSalvador Iglesia B. |
| 260 |
_aCiudad Trujillo, República Dominicana : _bPontificia Universidada Gregoriana, _c1942 _fEditorial Luz |
||
| 300 |
_a68 p. ; _c23 cm. |
||
| 500 | _aIncluye referencias bibliográficas y notas al pie de las páginas | ||
| 500 | _aRegalo del autor a Julio Ortega Frier. | ||
| 590 | _aInventariado, 2022/ YL | ||
| 910 | _aYLockward | ||
| 942 |
_2ddc _cLBS1 |
||
| 999 |
_c32362 _d32362 |
||